[Event "Provence-ch Majeur op 9697"]
[Site "France"]
[Date "1996.??.??"]
[Round "3"]
[White "Diaz, Mickael"]
[Black "Gomez, Gerard"]
[Result "1-0"]
[WhiteElo "1920"]
[BlackElo "1950"]
[PlyCount "41"]
[EventDate "1996.??.??"]
[EventType "swiss"]
[EventRounds "7"]
[EventCountry "FRA"]
[SourceTitle "EXT 2005"]
[Source "ChessBase"]
[SourceDate "2004.11.15"]
[SourceVersion "1"]
[SourceVersionDate "2004.11.15"]
[SourceQuality "1"]

1. e4 c5 2. Nc3 Nc6 3. f4 d6 4. Nf3 g6 5. Bc4 Bg7 6. 0-0 e6 7. d3 Nge7 8. Qe1 0-0 9. f5 exf5 10. Qh4 Qc7 11. Bh6 Ne5 12. Ng5 Nxc4 13. Bxg7 Kxg7 14. Qxh7+ Kf6 15. Qh6 Ne3 16. Nh7+ Ke6 17. Nxf8+ Kf6 18. Qh8+ Kg5 19. Nh7+ Kh6 20. Nf6+ Kg5 21. h4# 1-0

[Event "Provence-ch Majeur op 9495"]
[Site "France"]
[Date "1994.??.??"]
[Round "5"]
[White "Gaudineau, Eric"]
[Black "Gomez, Gerard"]
[Result "1-0"]
[WhiteElo "2190"]
[BlackElo "1860"]
[PlyCount "69"]
[EventDate "1994.??.??"]
[EventType "swiss"]
[EventRounds "9"]
[EventCountry "FRA"]
[SourceTitle "EXT 2005"]
[Source "ChessBase"]
[SourceDate "2004.11.15"]
[SourceVersion "1"]
[SourceVersionDate "2004.11.15"]
[SourceQuality "1"]

1. e4 c5 2. Nc3 Nc6 3. f4 e6 4. Bc4 d6 5. Nf3 Nd4 6. 0-0 Nf6 7. d3 a6 8. a4 Be7 9. e5 dxe5 10. fxe5 Nd5 11. Nxd4 Nxc3 12. bxc3 cxd4 13. Qg4 dxc3 14. Qxg7 Qd4+ 15. Kh1 Rf8 16. Rf3 Bd6 17. Bh6 Bc5 18. Be3 Qxe3 19. Rxe3 Bxe3 20. Qxh7 Bd7 21. Qe4 Bf2 22. Qxb7 Ke7 23. Qb4+ Ke8 24. Rf1 Be3 25. Rb1 Bc6 26. Qd6 Rc8 27. Bxa6 Rg8 28. Bb5 Bxb5 29. Rxb5 Rd8 30. Rb8 Bg5 31. a5 Be7 32. Rxd8+ Bxd8 33. a6 Rg4 34. a7 Rf4 35. g3 1-0

[Event "Provence-ch Majeur op 9495"]
[Site "France"]
[Date "1994.??.??"]
[Round "8"]
[White "Milesi, Laurent"]
[Black "Gomez, Gerard"]
[Result "1-0"]
[WhiteElo "2070"]
[BlackElo "1860"]
[PlyCount "71"]
[EventDate "1994.??.??"]
[EventType "swiss"]
[EventRounds "9"]
[EventCountry "FRA"]
[SourceTitle "EXT 2005"]
[Source "ChessBase"]
[SourceDate "2004.11.15"]
[SourceVersion "1"]
[SourceVersionDate "2004.11.15"]
[SourceQuality "1"]

1. e4 c5 2. Nf3 d6 3. d4 cxd4 4. Nxd4 Nf6 5. Nc3 e6 6. Be3 Nc6 7. Be2 Be7 8. 0-0 0-0 9. f4 a6 10. Qe1 Qc7 11. Qg3 Nxd4 12. Bxd4 Bd7 13. Kh1 Bc6 14. Rae1 b5 15. a3 Qb7 16. Bd3 g6 17. Re3 Nh5 18. Qh3 Rae8 19. Qxh5 e5 20. Qh6 f5 21. fxe5 fxe4 22. e6 Rxf1+ 23. Bxf1 Bf8 24. Qh3 b4 25. axb4 Qxb4 26. Ne2 Bb5 27. Bc3 Qc4 28. Ng3 Qd5 29. Nxe4 Bg7 30. Bxb5 axb5 31. Qf3 Qf5 32. Qxf5 gxf5 33. Nxd6 Ra8 34. e7 Ra1+ 35. Re1 Rxe1+ 36. Bxe1 1-0

[Event "Provence-ch Majeur op 9495"]
[Site "France"]
[Date "1994.??.??"]
[Round "9"]
[White "Sintes, Marc"]
[Black "Gomez, Gerard"]
[Result "1-0"]
[WhiteElo "1950"]
[BlackElo "1860"]
[PlyCount "68"]
[EventDate "1994.??.??"]
[EventType "swiss"]
[EventRounds "9"]
[EventCountry "FRA"]
[SourceTitle "EXT 2005"]
[Source "ChessBase"]
[SourceDate "2004.11.15"]
[SourceVersion "1"]
[SourceVersionDate "2004.11.15"]
[SourceQuality "1"]

1. e4 c5 2. Nf3 d6 3. Nc3 Nf6 4. e5 dxe5 5. Nxe5 Nbd7 6. f4 a6 7. Be2 e6 8. Nxd7 Bxd7 9. Bf3 Qc7 10. d3 Be7 11. 0-0 0-0 12. Qe2 Rfe8 13. g4 Bc6 14. g5 Nd5 15. Bg4 Rad8 16. Ne4 b5 17. Rf3 Bf8 18. Rh3 c4 19. Qf2 f5 20. gxf6 Nxf6 21. Nxf6+ gxf6 22. Be3 cxd3 23. Bb6 Qc8 24. Bxd8 Be4 25. Bb6 dxc2 26. Rc1 Rd8 27. Rg3 Kh8 28. Bxd8 Qxd8 29. Rxc2 Bxc2 30. Qxc2 Qd4+ 31. Qf2 Qd5 32. Bf3 Qxa2 33. Qc2 Qa4 34. Qxa4 bxa4 1-0

[Event "Provence-ch Majeur op 9495"]
[Site "France"]
[Date "1994.??.??"]
[Round "6"]
[White "Soalleiro, Jean"]
[Black "Gomez, Gerard"]
[Result "1-0"]
[WhiteElo "2010"]
[BlackElo "1860"]
[PlyCount "61"]
[EventDate "1994.??.??"]
[EventType "swiss"]
[EventRounds "9"]
[EventCountry "FRA"]
[SourceTitle "EXT 2005"]
[Source "ChessBase"]
[SourceDate "2004.11.15"]
[SourceVersion "1"]
[SourceVersionDate "2004.11.15"]
[SourceQuality "1"]

1. e4 c5 2. Nf3 d6 3. d4 cxd4 4. Nxd4 Nf6 5. Nc3 e6 6. Be2 Nc6 7. 0-0 Be7 8. Be3 0-0 9. f4 a6 10. Qe1 Qc7 11. Rd1 Bd7 12. Qg3 Nxd4 13. Bxd4 Bc6 14. Bd3 b5 15. a3 Qb7 16. Rde1 b4 17. e5 dxe5 18. fxe5 Qd7 19. Be3 Nh5 20. Qg4 bxc3 21. Qxh5 g6 22. Qg4 h5 23. Qg3 Qd5 24. Rf2 Kg7 25. Ref1 Be8 26. b4 a5 27. Qf4 g5 28. Qg3 h4 29. Qg4 Kh6 30. Rf6+ Bxf6 31. Rxf6+ 1-0

[Event "Provence-ch Majeur op 9293"]
[Site "France"]
[Date "1992.??.??"]
[Round "6"]
[White "Gomez, Gerard"]
[Black "Didier, Michel"]
[Result "0-1"]
[WhiteElo "1940"]
[BlackElo "2100"]
[PlyCount "74"]
[EventDate "1992.??.??"]
[EventType "swiss"]
[EventRounds "9"]
[EventCountry "FRA"]
[SourceTitle "EXT 2005"]
[Source "ChessBase"]
[SourceDate "2004.11.15"]
[SourceVersion "1"]
[SourceVersionDate "2004.11.15"]
[SourceQuality "1"]

1. e4 e5 2. Nf3 Nc6 3. Bb5 a6 4. Ba4 Nf6 5. 0-0 Be7 6. Re1 b5 7. Bb3 d6 8. c3 Na5 9. Bc2 c5 10. h3 Qc7 11. d4 Nc6 12. d5 Nd8 13. Nbd2 0-0 14. Nf1 Ne8 15. Ng3 g6 16. Nh2 f6 17. Ng4 Nf7 18. Ne3 Ng7 19. Bd2 Bd7 20. Rc1 Qc8 21. Ng4 f5 22. exf5 gxf5 23. Nh6+ Nxh6 24. Bxh6 Qe8 25. Qf3 Qg6 26. Bxg7 Kxg7 27. Nh5+ Kh8 28. Kh1 Bg5 29. Ra1 e4 30. Qd1 Rae8 31. Ng3 Bf4 32. Ne2 Be5 33. Rg1 Re7 34. a4 Qh6 35. Qc1 f4 36. Kh2 e3 37. f3 Rg7 0-1

[Event "Provence-ch Majeur op 9293"]
[Site "France"]
[Date "1992.??.??"]
[Round "1"]
[White "Poggio, Pierre"]
[Black "Gomez, Gerard"]
[Result "1-0"]
[WhiteElo "1760"]
[BlackElo "1940"]
[PlyCount "77"]
[EventDate "1992.??.??"]
[EventType "swiss"]
[EventRounds "9"]
[EventCountry "FRA"]
[SourceTitle "EXT 2005"]
[Source "ChessBase"]
[SourceDate "2004.11.15"]
[SourceVersion "1"]
[SourceVersionDate "2004.11.15"]
[SourceQuality "1"]

1. c4 Nf6 2. Nc3 g6 3. Nf3 Bg7 4. g3 0-0 5. Bg2 d6 6. 0-0 e5 7. d3 Nc6 8. Rb1 a5 9. a3 h6 10. Nd2 Rb8 11. b4 axb4 12. axb4 Be6 13. Nde4 Nxe4 14. Nxe4 f5 15. Nd2 d5 16. b5 Ne7 17. c5 d4 18. e4 dxe3 19. Nb3 exf2+ 20. Rxf2 Nd5 21. Bd2 Qe7 22. Qc2 Nf6 23. Na5 Ng4 24. Re2 e4 25. Bb4 Bd4+ 26. Kh1 exd3 27. Qxd3 Nf2+ 28. Rxf2 Bxf2 29. Nxb7 Qg5 30. c6 Rfe8 31. Bd5 Qf6 32. Rd1 Ra8 33. Bxe6+ Qxe6 34. Bc3 Qe4+ 35. Qxe4 fxe4 36. Rd7 e3 37. Rg7+ Kf8 38. Nc5 e2 39. Nd7# 1-0